Desarrollador web: claves y técnicas para optimizar sitios

שמור ב:
מידע ביבליוגרפי
מחבר ראשי: Minera, Francisco (autor)
פורמט: ספר
שפה:ספרדית
יצא לאור: Buenos Aires Fox Andina 2011
מהדורה:1a. ed
סדרה:RedUsers
נושאים:
תגים: הוספת תג
אין תגיות, היה/י הראשונ/ה לתייג את הרשומה!

MARC

LEADER 00000cam a2200000 a 4500
001 UCE5331
003 CL-VaPUC
008 141230e20110000ag |||||||||||||||||spa|d
020 |a 9789871773091 
082 0 4 |a 005.284  |b MIN  |2 21 
100 |a Minera, Francisco  |e autor  |9 577899 
245 1 0 |a Desarrollador web: claves y técnicas para optimizar sitios 
250 |a 1a. ed 
300 |a 396 p 
942 |c BK 
945 |d 20141230 16:04:00  |a dcastane 
260 |a Buenos Aires  |b Fox Andina  |c 2011 
650 0 |a Lenguajes de programación   |9 259458 
650 0 |a Programación de computadores   |9 259531 
650 0 |a Desarrollo de sitios web  |9 561780 
650 0 |a Diseño web  |9 558140 
583 |a last modification  |c 20141230 16:04:00  |k Rodrigo Vera 
490 0 |a RedUsers 
999 |c 358078  |d 358076 
952 |0 0  |1 0  |3 erb  |4 0  |6 005_284000000000000_MIN_2011  |7 0  |8 A  |9 466353  |a BIBING  |b BIBING  |i 5131936  |l 1  |o 005.284 MIN 2011  |p 5131936  |r 2025-01-20  |s 2022-07-11  |w 2019-11-23  |y BK  |z Catalogado en:20141230  |k CCI 
952 |0 0  |1 0  |3 erb  |4 0  |6 005_284000000000000_MIN_2011  |7 0  |8 A  |9 466354  |a BIBING  |b BIBING  |i 5131944  |l 1  |o 005.284 MIN 2011  |p 5131944  |r 2025-01-20  |s 2023-06-19  |w 2019-11-23  |y BK  |z Catalogado en:20141230  |k CCI 
952 |0 0  |1 0  |3 erb  |4 0  |6 005_284000000000000_MIN_2011  |7 0  |8 A  |9 466355  |a BIBING  |b BIBING  |i 5131952  |l 2  |o 005.284 MIN 2011  |p 5131952  |r 2025-01-20  |s 2023-05-05  |w 2019-11-23  |y BK  |z Catalogado en:20141230  |k CCI